000 00414nam a22001457a 4500
082 _a342
_bBAS/I
100 _aBASU'S, DURGA DAS
245 _aINTRODUCTION TO THE CONSTITUION OF INDIA
_bSOCIAL SCIENCE
246 _aINTRODUCTION TO THE CONSTITUTION OF INDIA
_bSOCIAL SCIENCE
260 _aNEW DELHI
_bWADHWA AND COMPANY
_c2006
300 _a499
520 _aSOCIAL SCIENCE
650 _aSOCIAL SCIENCE
942 _cBK
999 _c1589
_d1589